| 000 | 00615nam 22002053 4500 | ||
|---|---|---|---|
| 001 | 32529 | ||
| 005 | 20260415081712.0 | ||
| 010 | _a9788865805756 | ||
| 090 | _a32529 | ||
| 100 | _a20260415d d||y0itay50 ba | ||
| 101 | _aita | ||
| 102 | _aIT | ||
| 200 |
_aFalafel al parco _fSamah Idriss _gtraduzione dall'arabo di Enrica Battista e Mariagrazia Decente |
||
| 210 |
_aTorino _cIl leone verde _d©2025 |
||
| 215 |
_a85 p. _d20 cm |
||
| 300 | _aFascia d'età: 9-14 | ||
| 500 |
_aFalafil al-nazihin, riwaya lil-fatayat wa-al-fityan _926272 |
||
| 610 | _aNarrativa araba per ragazzi | ||
| 700 |
_aIdriss _bSamah _926273 |
||
| 942 | _cBK | ||